书目信息 |
| 题名: |
企业融资运作
|
|
| 作者: | 葛存山 编著 | |
| 分册: | ||
| 出版信息: | 昆明 云南大学出版社 2011 |
|
| 页数: | 242页 | |
| 开本: | 24cm | |
| 丛书名: | 纳税人俱乐部丛书 | |
| 单 册: | ||
| 中图分类: | F275.1 | |
| 科图分类: | ||
| 主题词: | 企业融资 | |
| 电子资源: | ||
| ISBN: | 978-7-5482-0410-7 | |
| 000 | 00910nam0 22002651 450 | |
| 001 | 519 | |
| 005 | 20140909092405.35 | |
| 010 | @a978-7-5482-0410-7@dCNY24.00 | |
| 100 | @a20110920d2011 em y0chiy50 ea | |
| 101 | 0 | @achi |
| 102 | @aCN@b530000 | |
| 105 | @ay z 000yy | |
| 106 | @ar | |
| 200 | 1 | @a企业融资运作@AQi Ye Rong Zi Yun Zuo@dEnterprise finance operation@f葛存山编著@FGe Cun Shan Bian Zhu@zeng |
| 210 | @a昆明@c云南大学出版社@d2011 | |
| 215 | @a242页@d24cm | |
| 225 | 2 | @a纳税人俱乐部丛书 |
| 330 | @a本书共分为7章内容,具体包括:企业间融资、企业民间融资、银行贷款融资、动产担保融资创新、项目融资、融资租赁、吸引风险投资等内容。 | |
| 461 | 0 | @12001 @a纳税人俱乐部丛书 |
| 510 | 1 | @aEnterprise finance operation@zeng |
| 606 | 0 | @a企业融资 |
| 690 | @aF275.1@v5 | |
| 701 | 0 | @a葛存山@AGe Cun Shan@g(经济管理)@4编著 |
| 801 | 0 | @aCN@bTANGWEI@c20140603 |
| 905 | @b0836646-48@dF275.1@e1092@f3 | |
| 企业融资运作=Enterprise finance operation/葛存山编著.-昆明:云南大学出版社,2011 |
| 242页;24cm.-(纳税人俱乐部丛书) |
| ISBN 978-7-5482-0410-7:CNY24.00 |
| 本书共分为7章内容,具体包括:企业间融资、企业民间融资、银行贷款融资、动产担保融资创新、项目融资、融资租赁、吸引风险投资等内容。 |
| ● |
| 相关链接 |
|
|
|
|
正题名:企业融资运作
索取号:F275.1/1092
 
预约/预借
| 序号 | 登录号 | 条形码 | 馆藏地/架位号 | 状态 | 备注 |
| 1 | 0836646 | 208366463 | 第一样本阅览室/ [索取号:F275.1/1092] | 在馆 | |
| 2 | 0836647 | 208366472 | 第一借阅区/ [索取号:F275.1/1092] | 在馆 | |
| 3 | 0836648 | 208366481 | 密集书库-海洋学院/ [索取号:F275.1/1092] | 在馆 |